000 00859cam a2200265Ii 4500
001 4658041
003 ARRUPE
005 20160229104243.0
008 771117s1882 mau 000 0 eng
010 _a07042223
035 _a(OCoLC)ocm03427465
035 _a(NNC)4658041
040 _aDLC
_cPKT
_dPKT
050 0 _aLC2781
_b.B5
098 _aTH4
100 1 _aBlyden, Edward Wilmot,
_d1832-1912.
_922511
245 1 4 _aThe aims and methods of a liberal education for Africans :
_binaugural address /
_cdelivered by Edward Wilmot Blyden, LL.D., President of Liberia College, January 5, 1881.
260 _bForgotten Books
_c2012
300 _a30 p. ;
_c23 cm.
440 _aThe Classic Reprint Series
_922539
500 _aPublished originally in 1882
650 0 _aAfrican Americans
_xEducation.
_922512
942 _2lcc
_cMONOGRAPH
999 _c124228
_d124228